Private correspondence and miscellaneus papers of Samuel Pepys, 1679 to 1703 in the possession of J. pepys Cockerell. Edited by J. R. Tanner, Litt. D., Felloow of St. John College, Cambridge

Kaydedildi:
Detaylı Bibliyografya
Yazar: Pepys, Samuel (Yazar)
Materyal Türü: Kitap
Dil:İngilizce
Baskı/Yayın Bilgisi: Londres G. Bell and sons, Ltd 1926
Edisyon:1a. ed
Konular:
Etiketler: Etiketle
Etiket eklenmemiş, İlk siz ekleyin!

MARC

LEADER 00000nam a2200000 a 4500
001 UCJ4788
003 CL-VaPUC
008 070124e19260900UK |||||||||||||||||eng|d
082 0 4 |a 923  |b PEP  |2 21 
100 0 |a Pepys, Samuel  |e author  |9 507012 
245 1 0 |a Private correspondence and miscellaneus papers of Samuel Pepys, 1679 to 1703 in the possession of J. pepys Cockerell. Edited by J. R. Tanner, Litt. D., Felloow of St. John College, Cambridge 
250 |a 1a. ed 
300 |a 2 v 
942 |c BK 
945 |d 20070124 00:00:00  |a rinostro 
260 |a Londres  |b G. Bell and sons, Ltd  |c 1926 
500 |a Front. v. 1, retrato de S. Pepys; front. v. 2, medalla batida en homenaje de S. Pepys 
600 0 7 |a TANNER, J. R.  |2 CL-VaPUC  |9 509112 
650 7 |a BIOGRAFIA  |2 CL-VaPUC  |9 504622 
650 0 |a Iconografía   |9 267998 
650 0 |a Numismática  |9 318332 
650 0 |a Correspondencia  |9 258963 
650 7 |a DIARIO  |2 CL-VaPUC  |9 441581 
650 7 |a DOCUMENTOS  |2 CL-VaPUC  |9 366450 
650 7 |a FUENTES  |2 CL-VaPUC  |9 255666 
651 0 |a Inglaterra  |9 255158 
583 |a last modification  |c 20070124 00:00:00  |k Rodrigo Vera 
999 |c 320903  |d 320901 
952 |0 0  |1 0  |4 0  |6 923_000000000000000_PEP_1926  |7 0  |8 X  |9 399528  |a FDOBUD  |b FDOBUD  |d 2019-11-22  |h v.1  |i 1025929  |o 923 PEP 1926  |p 1025929  |r 2019-11-22  |w 2019-11-22  |y BK_X  |k BUD 
952 |0 0  |1 0  |4 0  |6 923_000000000000000_PEP_1926  |7 0  |8 X  |9 399529  |a FDOBUD  |b FDOBUD  |d 2019-11-22  |h v.2  |i 1025937  |o 923 PEP 1926  |p 1025937  |r 2019-11-22  |w 2019-11-22  |y BK_X  |k BUD